| 000 | 00649nam a22001937a 4500 | ||
|---|---|---|---|
| 005 | 20151019171953.0 | ||
| 010 | _aENG-113722 | ||
| 020 |
_a9789383946075 _c249.00 |
||
| 035 | _aEN- 97254 | ||
| 037 | _bDBAD/PUB | ||
| 082 | _a900 | ||
| 245 |
_aNucleus history terminology : _cedited & compiled by Urmila Gupta [and] N. Laxmi _benhance your subjective word power / |
||
| 260 |
_aGreater Noida _bNucieus Books & Encyclopedia _c2015(repr.) |
||
| 270 |
_aOffice Add. 2nd Floor, B-31, Packet P3 _bGreater Noida _e201308 |
||
| 300 |
_a200p. _c21cm(pbk) |
||
| 700 | _aGupta, Urmila | ||
| 700 | _aLaxmi, N. | ||
| 942 |
_2ddc _cEN _mNUC _h900 |
||
| 999 |
_c95315 _d95315 |
||